00452nam a2200169Ia 4500008004100000020002200041041000800063082001700071100001900088245004500107260004500152300000900197440000600206500002600212650002500238700001900263230125s9999 xx 000 0 und d a978-81-7708-398-9 aeng a658.018bTHA aThamilarasan M aResearch Methodology For Social Sciences c2015bNew Century PublicationaNew Delhi a195p v1 aResearch methodology; aResearch Methodology aThamilarasan M